| 000 | 00481cam a22001814a 4500 | ||
|---|---|---|---|
| 020 | _a0849302765 (alk. paper) | ||
| 040 | _cDLC | ||
| 082 | 0 | 0 | _a664 CRC 1999 A037 Or. |
| 100 | 1 | _aMeilgaard, Morten. | |
| 245 | 1 | 0 | _aSensory evaluation techniques / |
| 250 | _a3rd ed. | ||
| 260 |
_aBoca Raton, Fla. : _bCRC Press, _cc1999. |
||
| 300 |
_a387 p. : _bill. ; _c27 cm. |
||
| 650 | 0 | _aSensory evaluation. | |
| 700 | 1 | _aCiville, Gail Vance. | |
| 700 | 1 | _aCarr, B. Thomas. | |
| 942 | _cEK | ||
| 999 |
_c11422 _d11422 |
||